000 00717nam a2200265Ia 4500
003 OSt
005 20220918163332.0
006 a|||||r|||| 00| 0
007 ta
008 220917b |||||||| |||| 00| 0 eng d
020 _a0 575 00723 0 (hbk)
024 _a28,050
037 _cTextual
040 _aARTS
_cARTS
_beng
041 _2eng
_aeng
082 _aO111,2N30x, L4
100 _aTrussler Simon
_912721
245 0 _aPlays of Harold Pinters
_b an assessment
260 _aLondon
_bVictor Gollancy UK
_c1974
300 _a222p.
_ccm.
500 _aBib 213-222p
650 _aENGLISH LITERATURE
942 _hO111,2N30x, L4
_cTEXL
_2CC
999 _c119146
_d119146